书目信息 |
| 题名: |
罗巴切夫斯基几何浅说
|
|
| 作者: | 陆钦轼 编著 | |
| 分册: | ||
| 出版信息: | 南京 江苏人民出版社 1958 |
|
| 页数: | 196页 | |
| 开本: | 20cm | |
| 丛书名: | ||
| 单 册: | ||
| 中图分类: | O123.3 | |
| 科图分类: | ||
| 主题词: | 初等数学 | |
| 电子资源: | ||
| ISBN: | ||
| 000 | 00590nam0 2200217 450 | |
| 001 | 0656426453 | |
| 005 | 20060731173505.06 | |
| 010 | @dCNY0.85 | |
| 091 | @a13100.37 | |
| 100 | @a20060725d1958 km y0chiy0120 ea | |
| 101 | 0 | @achi |
| 102 | @aCN@b320000 | |
| 102 | @aCN@b320000 | |
| 200 | 1 | @a罗巴切夫斯基几何浅说@Aluo ba qie fu si ji ji he qian shuo@f陆钦轼编著@Flu qin shi bian zhu |
| 210 | @a南京@c江苏人民出版社@d1958 | |
| 215 | @a196页@c图@d20cm | |
| 606 | 0 | @a初等数学 |
| 690 | @aO123.3@v3 | |
| 701 | 0 | @a陆钦轼@Alu qin shi@4编著 |
| 801 | 0 | @aCN@bPFT@c20060731 |
| 905 | @dO123.3@e56 | |
| 罗巴切夫斯基几何浅说/陆钦轼编著.-南京:江苏人民出版社,1958 |
| 196页:图;20cm |
| ISBN :CNY0.85 |
| ● |
| 相关链接 |
|
|
|
|
正题名:罗巴切夫斯基几何浅说
索取号:O123.3/56
 
预约/预借
| 序号 | 登录号 | 条形码 | 馆藏地/架位号 | 状态 | 备注 |
| 1 | 0431622 | 204316221 | 密集书库/ [索取号:O123.3/56] | 在馆 | |
| 2 | 0431623 | 204316230 | 密集书库/ [索取号:O123.3/56] | 在馆 | |
| 3 | 0431794 | 204317943 | 密集书库/ [索取号:O123.3/56] | 在馆 |